000 00417 a2200157 4500
005 20260406145940.0
008 260327b |||||||| |||| 00| 0 eng d
020 _a9789362542168
080 _aFM
_bRAM/S
100 _a Ramesh,V. K. K.
245 _aSkandan(സ്കന്ദൻ)
260 _bD C books
_aKottayam.
_c2025.
300 _a191p.
653 _aFiction-Short Story-Malayalam Literature
942 _cOO
999 _c115294
_d115293